000 00350nam a22001577a 4500
003 OSt
020 _aNA
040 _c0
082 _222
_a624.25
100 _aJagadeesh, T. R. and Jayaram, M. A.
245 _aDesign of bridge structures /
250 _a5th ed.
260 _bPrentice Hall,
_cc2006.
300 _a0
_bill. ;
942 _2ddc
_cCIVIL
_03
999 _c4460
_d4460